LEADER 01381nam a2200289 4500 001 000000364744 003 CaOOAMICUS 005 20251030115632.0 008 251020s2002 it 000 u ita r 020 $a88-15-08775-3 040 $aSeMil$bita 100 1 $aCotta, Gabriella.$0(OLS)http://semarc/name/122976 245 13$aLa nascita dell'individualismo politico :$bLutero e la politica della modernità /$cGabriella Cotta. 264 1$aBologna :$bIl Mulino,$c2002. 300 $a174 p. ;$c22 cm 490 1 $aIl mulino Ricerca. Scienza politica 500 $aIn testa al front.: Dipartimento di studi politici Università di Roma La Sapienza 650 04$aLutero, Martin <1483-1546> - Pensiero politico.$0(OLS)http://semarc/subject/47662 650 4$aPolitica - Storia - Sec. 16.-17.$0(OLS)http://semarc/subject/58827 830 3$aIl mulino Ricerca. Scienza politica.$0(OLS)http://semarc/title/456220 850 $aSeMil 852 $aSeMil$W1$xVenegono$y1$m3U II 667$j264071$B255600$CSeMilBibl$Z2$F255600 $81 961 $aBuzzi mons. Franco - Omaggio 996 $6020$a88-15-08775-3$9(OLS)http://semarc/number/304374 996 $6245$aLa nascita dell'individualismo politico :$bLutero e la politica della modernità$9(OLS)http://semarc/title/456219 996 $6264$aBologna :$bIl Mulino$9(OLS)http://semarc/publisher/29842 LEADER 01074nam a2200265 i 4500 001 000000172664 003 CaOOAMICUS 005 20250604160101.0 008 080620s1962 it u000 u ita u 013 $a150107 040 $aSeMil$bita 100 1 $aPontani, Filippo Maria.$0(OLS)http://semarc/name/374 245 10$aTeatro neoellenico /$cFilippo Maria Pontani. 260 $aMilano :$bNuova accademia editrice,$ccopyr. 1962. 300 $a267 p., [16] p. di tav. ;$c22 cm. 490 0 $aTeatro di tutto il mondo 500 $aContiene : Nota bibliografica. 650 4$aTeatro greco moderno.$0(OLS)http://semarc/subject/57761 650 4$aLetteratura greca moderna.$0(OLS)http://semarc/subject/5519 830 0$aTeatro di tutto il mondo.$0(OLS)http://semarc/title/23721 850 $aSeMil 852 $aSeMil$W1$xVenegono$y1$m1R V 41$j257856$B123518$CSeMilBibl$Z2$F134644 $81 996 $6245$aTeatro neoellenico$9(OLS)http://semarc/title/247313 996 $6260$aMilano :$bNuova accademia editrice$9(OLS)http://semarc/publisher/31675